| 000 | 01569nas0a22003011i 4500 | ||
|---|---|---|---|
| 001 | RU\NLR\DRGNLR\1132 | ||
| 005 | 20240729012438.0 | ||
| 035 | _a(NLR Aleph) 010309703 | ||
| 090 |
_a10632765 _c10632765 |
||
| 100 | _a20080514b1916 u y0rusy50 ca | ||
| 101 | 0 | _arus | |
| 102 | _aRU | ||
| 110 | _acya|||||||| | ||
| 200 | 1 |
_aГолос средней школы _eЕженед. газ., посвящ. жизни сред. шк. _fРед.-изд. Л.Н.Гроздова |
|
| 210 |
_aКиев _d1916, 6 окт - 19 дек |
||
| 311 | _aС 21 марта 1917 изд. газ. "Голос свободной школы" (см. ) | ||
| 488 | 0 |
_1001RU\NLR\DRGNLR\1115 _12001#$aГолос свободной школы$eЕженед. газ., посвящ. жизни сред. шк. Изд. Центр. представ. ком. сред.-учеб. заведений г. Киева _910632708 _cКиев _d1917, 21 марта - 2 мая _oЕженед. газ., посвящ. жизни сред. шк. Изд. Центр. представ. ком. сред.-учеб. заведений г. Киева _tГолос свободной школы |
|
| 540 | 1 | _aГолос средней школы | |
| 702 | 1 |
_aГроздова _bЛид. Ник. _4340 |
|
| 801 | 0 |
_aRU _bNLR _c20080514 _gPSBO _2gzdor_isis |
|
| 801 | 2 |
_aRU _bNLR _c20080514 _gPSBO _2rusmarc |
|
| 852 |
_aNLR _j1-Р/1-Ки-76 |
||
| 942 | _cNEWSPAPER | ||
| 980 | _aDRG | ||